posterior compartment - thigh - Statistics

General Stats
  • This quiz has been taken 12 times
  • The average score is 2 of 5
Answer Stats
Picture Answer % Correct
semitendinosus
86%
adductor magnus
71%
long head of biceps femoris
29%
semimebranosus
29%
short head of biceps femoris
14%
No matching quizzes found
Score Distribution
Percent of People with Each Score
Percentile by Number Answered
Your Score History
You have not taken this quiz